Planificación sociológica de los problemas sociales (Registro nro. 5813)
[ vista simple ]
| 000 -LEADER | |
|---|---|
| fixed length control field | 01268 a2200217 4500 |
| 001 - CONTROL NUMBER | |
| control field | 54797 |
| 005 - DATE AND TIME OF LATEST TRANSACTION | |
| control field | 20260407155824.0 |
| 008 - FIXED-LENGTH DATA ELEMENTS--GENERAL INFORMATION | |
| fixed length control field | 260407a1967 arg spa d |
| 003 - CONTROL NUMBER IDENTIFIER | |
| control field | AR-UNSa-BCEJYS |
| 040 ## - CATALOGING SOURCE | |
| Original cataloging agency | AR-UNSa-BCEJYS |
| Language of cataloging | spa |
| Transcribing agency | AR-UNSa-BCEJYS |
| 080 ## - UNIVERSAL DECIMAL CLASSIFICATION NUMBER | |
| Universal Decimal Classification number | 304.9 |
| Common auxiliary subdivision | Crítica de la situación social. Planes para la mejora de la sociedad. Utopías sociales |
| 100 1# - MAIN ENTRY--PERSONAL NAME | |
| Personal name | Lazarsfeld, Paul F. |
| 245 10 - TITLE STATEMENT | |
| Title | Planificación sociológica de los problemas sociales |
| 264 #1 - PRODUCTION, PUBLICATION, DISTRIBUTION, MANUFACTURE, AND COPYRIGHT NOTICE | |
| Place of production, publication, distribution, manufacture | Buenos Aires : |
| Name of producer, publisher, distributor, manufacturer | Paidós |
| Date of production, publication, distribution, manufacture, or copyright notice | 1967 |
| 300 ## - PHYSICAL DESCRIPTION | |
| Extent | 221 p. |
| Dimensions | 22 cm. |
| 505 ## - FORMATTED CONTENTS NOTE | |
| Formatted contents note | 1. La pobreza urbana y la planificación social,por Herbert J. Gans - 2. Del tratamiento de la delincuencia al desarrollo de la comunidad,por Alfred J. Kahn - 3. La investigación y los conflictos que surgen al desarrollar programas sociales,por Elmer Luchterhand - 4. La escuela y la familia: La vinculación de las organizaciones con los grupos primarios externos,por Eugene Litwak y Henry J. Meyer - 5. La desocupación,la mano de obra y el desarrollo regional,por Harold L. Sheppard - 6. La salud pública,por Edward A. Suchman - 7. La vejez,por Gordon F. Streib y Harold L. Orbach |
| 590 ## - LOCAL NOTE (RLIN) | |
| Local note | niveau_biblio:m niveau_hierar:0 |
| 700 1# - ADDED ENTRY--PERSONAL NAME | |
| Personal name | Sewell, William H. |
| 700 1# - ADDED ENTRY--PERSONAL NAME | |
| Personal name | Wilensky, Harold L. |
| 942 ## - ADDED ENTRY ELEMENTS (KOHA) | |
| Koha item type | |
| Withdrawn status | Lost status | Damaged status | Not for loan | Home library | Current library | Shelving location | Date acquired | Total checkouts | Full call number | Barcode | Date last seen | Price effective from | Koha item type |
|---|---|---|---|---|---|---|---|---|---|---|---|---|---|
| Biblioteca Prof. Eusebio Cleto del Rey | Biblioteca Prof. Eusebio Cleto del Rey | 07/04/2026 | 304.9 L431 | L23656 | 07/04/2026 | 07/04/2026 | Libro |